000 01191cam a2200277 i 4500
999 _c57798
_d57798
001 17938332
005 20221108163656.0
008 131112s2017 enka b 001 0 eng
020 _a9781316610527 X
041 _aeng
080 _a339.52(100)+34+32 B-79
100 1 _aBossche, Peter van den,
_eauthor.
_99862
245 1 4 _aThe law and policy of the World Trade Organization :
_btext, cases, and materials /
_cPeter van den Bossche, Werner Zdouc.
264 1 _aCambridge, United Kingdom :
_bCambridge University Press,
_c2017.
300 _a1077 pages :
_billustrations ;
_c26 cm.
610 2 0 _aWorld Trade Organization.
_99662
650 0 _aForeign trade regulation.
_99863
650 0 _aTariff
_xLaw and legislation.
_99864
653 _aეკონომიკა
653 _aმსოფლიო სავაჭრო ორგანიზაციები
653 _aსაგარეო ვაჭრობის რეგულირება
653 _aკანონი და კანონმდებლობა
700 1 _aZdouc, Werner
_eავტორი.
_99865
942 _2udc
_cBK
955 _bxg16 2013-11-12 z-processor
_ixg16 2013-11-12 to LL